[Event "95th YMCA Masters "]
[Site "Warszawa"]
[Date "2011.12.02"]
[Round "9"]
[White "Bobula, Mateusz"]
[Black "Adamski, Andrzej"]
[Result "1/2-1/2"]
[WhiteElo "2379"]
[BlackElo "2255"]
[PlyCount "98"]
[EventDate "2011.09.30"]
[EventType "tourn"]
[EventRounds "1"]
[EventCountry "POL"]
[EventCategory "3"]
[SourceDate "2011.09.29"]

1. d4 Nf6 2. c4 e6 3. Nc3 d5 4. Bg5 Be7 5. Nf3 a6 6. cxd5 exd5 7. Qc2 O-O 8. e3
h6 9. Bh4 Be6 10. Be2 Nbd7 11. O-O Rc8 12. Rad1 c6 13. Ne5 Nxe5 14. dxe5 Nd7
15. Bxe7 Qxe7 16. f4 f5 17. exf6 Nxf6 18. Bf3 Rce8 19. Rde1 Qc5 20. Kh1 Rf7 21.
a3 a5 22. e4 dxe4 23. Bxe4 Nxe4 24. Rxe4 Rfe7 25. Re5 Qd4 26. Qe2 Qc4 27. Qf2
Bf7 28. Rxa5 b5 29. f5 Re5 30. Ra7 Qd3 31. h3 Rf8 32. f6 g5 33. Re7 Bc4 34.
Rxe5 Qxf1+ 35. Qxf1 Bxf1 36. Re6 c5 37. Ne4 Bc4 38. Rd6 Re8 39. Nxc5 Kf7 40. b3
Re5 41. bxc4 Rxc5 42. cxb5 Rxb5 43. Ra6 h5 44. Kg1 Rb2 45. h4 gxh4 46. Kh2 Rb3
47. a4 Ra3 48. a5 Kg6 49. Kg1 Ra2 1/2-1/2

[Event "95th YMCA Masters "]
[Site "Warszawa"]
[Date "2011.12.09"]
[Round "10"]
[White "Kosiorek, Marek"]
[Black "Nguyen, Piotr"]
[Result "1/2-1/2"]
[WhiteElo "2355"]
[BlackElo "2368"]
[Annotator "M"]
[PlyCount "27"]
[EventDate "2011.09.30"]
[EventType "tourn"]
[EventRounds "1"]
[EventCountry "POL"]
[EventCategory "3"]
[SourceDate "2011.09.29"]

1. e4 c5 2. Nf3 g6 3. Bc4 Bg7 4. c3 e6 5. d4 cxd4 6. cxd4 d5 7. exd5 exd5 8.
Qe2+ Ne7 9. Bb5+ Bd7 10. O-O Bxb5 11. Qxb5+ Qd7 12. Qb3 Nbc6 13. Bg5 O-O 14.
Nc3 $11 1/2-1/2

[Event "95th YMCA Masters "]
[Site "Warszawa"]
[Date "2011.12.09"]
[Round "10"]
[White "Adamski, Andrzej"]
[Black "Pinski, Jan"]
[Result "1-0"]
[WhiteElo "2255"]
[BlackElo "2377"]
[PlyCount "31"]
[EventDate "2011.09.30"]
[EventType "tourn"]
[EventRounds "1"]
[EventCountry "POL"]
[EventCategory "3"]
[SourceDate "2011.09.29"]

1. e4 e5 2. Nf3 f5 3. Nxe5 Nf6 4. Bc4 Qe7 5. d4 d6 6. Bf7+ Kd8 7. Bb3 dxe5 8.
dxe5+ Bd7 9. e6 Qd6 10. O-O Nxe4 11. Qf3 Nc6 12. Qxf5 Nc5 13. exd7 Nd4 14. Qf7
Ne2+ 15. Kh1 Nxc1 16. Qe8# 1-0

[Event "95th YMCA Masters "]
[Site "Warszawa"]
[Date "2011.12.09"]
[Round "10"]
[White "Chalupnik, Marcin"]
[Black "Bobula, Mateusz"]
[Result "1-0"]
[WhiteElo "2236"]
[BlackElo "2379"]
[PlyCount "47"]
[EventDate "2011.09.30"]
[EventType "tourn"]
[EventRounds "1"]
[EventCountry "POL"]
[EventCategory "3"]
[SourceDate "2011.09.29"]

1. c4 e6 2. g3 d5 3. Bg2 c5 4. Nf3 Nc6 5. O-O Nf6 6. b3 Be7 7. Bb2 O-O 8. e3 b6
9. Nc3 Bb7 10. cxd5 Nxd5 11. Nxd5 Qxd5 12. d4 Rfd8 13. Ne5 Qd6 14. Qh5 g6 15.
Qf3 Nxe5 16. Qxb7 Nd3 17. Bc3 cxd4 18. Bxd4 e5 19. Rad1 Nb4 20. Bc3 Qxd1 21.
Qxe7 Nxa2 22. Bxa8 Qd3 23. Bxe5 Rxa8 24. Qf6 1-0

[Event "95th YMCA Masters "]
[Site "Warszawa"]
[Date "2011.12.16"]
[Round "11"]
[White "Kukawski, Maciej"]
[Black "Przezdziecka, Marta"]
[Result "0-1"]
[WhiteElo "2338"]
[BlackElo "2249"]
[PlyCount "70"]
[EventDate "2011.09.30"]
[EventType "tourn"]
[EventRounds "1"]
[EventCountry "POL"]
[EventCategory "3"]
[SourceDate "2011.09.29"]

1. e4 g6 2. d4 Bg7 3. Nc3 c6 4. f4 d5 5. e5 Nh6 6. Nf3 Bg4 7. h3 Bxf3 8. Qxf3
Nf5 9. Be3 h5 10. Bd3 e6 11. O-O-O Nxe3 12. Qxe3 h4 13. Kb1 Nd7 14. Ne2 Qe7 15.
Rhg1 O-O-O 16. Ka1 Kb8 17. b3 c5 18. g4 hxg3 19. Rxg3 cxd4 20. Nxd4 Qc5 21. Bb5
Bf8 22. b4 Qc7 23. Qb3 Nb6 24. Rc3 Qe7 25. Rb1 Rh4 26. Ne2 g5 27. a4 gxf4 28.
a5 Nd7 29. Bxd7 Qxd7 30. b5 Bg7 31. Nd4 Ka8 32. Nf3 Rxh3 33. b6 a6 34. Rc7 Qe8
35. Re1 Rxf3 0-1

[Event "95th YMCA Masters "]
[Site "Warszawa"]
[Date "2011.11.04"]
[Round "11"]
[White "Bobula, Mateusz"]
[Black "Janczarski, Michal"]
[Result "1/2-1/2"]
[WhiteElo "2379"]
[BlackElo "2301"]
[Annotator "M"]
[PlyCount "67"]
[EventDate "2011.09.30"]
[EventType "tourn"]
[EventRounds "1"]
[EventCountry "POL"]
[EventCategory "3"]
[SourceDate "2011.09.29"]

1. d4 Nf6 2. Nf3 e6 3. c4 c5 4. d5 b5 5. Bg5 exd5 6. cxd5 h6 7. Bxf6 Qxf6 8.
Qc2 Be7 9. e4 Qb6 10. a4 bxa4 11. Rxa4 Na6 12. e5 Nb4 13. Qe4 Bb7 14. Nc3 O-O
15. Bc4 d6 16. O-O Rae8 17. e6 Bf6 18. exf7+ Kxf7 19. Qh7 Rh8 20. Qf5 Rhf8 21.
Bb5 Re7 22. Bd7 g6 23. Be6+ Kg7 24. Qg4 h5 25. Qg3 Bc8 26. Nh4 Bxh4 27. Qxh4
Ree8 28. Bxc8 Rxc8 29. Re1 Rce8 30. Re7+ Rxe7 31. Qxe7+ Rf7 32. Qe4 Qd8 33. Ra1
Qf6 34. Rf1 $11 1/2-1/2

[Event "95th YMCA Masters "]
[Site "Warszawa"]
[Date "2011.12.12"]
[Round "11"]
[White "Pinski, Jan"]
[Black "Chalupnik, Marcin"]
[Result "0-1"]
[WhiteElo "2377"]
[BlackElo "2236"]
[PlyCount "90"]
[EventDate "2011.09.30"]
[EventType "tourn"]
[EventRounds "1"]
[EventCountry "POL"]
[EventCategory "3"]
[SourceDate "2011.09.29"]

1. e4 c5 2. c3 e6 3. Nf3 d5 4. e5 Nc6 5. d4 Bd7 6. dxc5 Bxc5 7. Bd3 f6 8. Bf4
fxe5 9. Nxe5 Qf6 10. Nxd7 Bxf2+ 11. Kxf2 Qxf4+ 12. Qf3 Qxf3+ 13. gxf3 Kxd7 14.
c4 Ne5 15. Rd1 Rc8 16. cxd5 Nxd3+ 17. Rxd3 Rc2+ 18. Kg3 Rxb2 19. Nc3 Nf6 20.
Re1 exd5 21. Nxd5 Nxd5 22. Rxd5+ Kc6 23. Ra5 Kb6 24. Rg5 g6 25. a4 Rc8 26. a5+
Ka6 27. Rd5 Rb5 28. Rd7 h6 29. h4 Kxa5 30. h5 Rg5+ 31. Kf2 Rc2+ 32. Ke3 Re5+
33. Kd3 Rxe1 34. Kxc2 gxh5 35. Rxb7 a6 36. Rf7 Re5 37. Rf6 Kb5 38. Rxh6 a5 39.
Kc3 a4 40. Rh8 Rc5+ 41. Kd4 Kb4 42. f4 a3 43. Rb8+ Rb5 44. Rg8 a2 45. Rg1 Ka3
0-1

[Event "95th YMCA Masters "]
[Site "Warszawa"]
[Date "2011.12.16"]
[Round "11"]
[White "Przedmojski, Rafal"]
[Black "Adamski, Andrzej"]
[Result "1-0"]
[WhiteElo "2374"]
[BlackElo "2255"]
[PlyCount "141"]
[EventDate "2011.09.30"]
[EventType "tourn"]
[EventRounds "1"]
[EventCountry "POL"]
[EventCategory "3"]
[SourceDate "2011.09.29"]

1. d4 Nf6 2. c4 e6 3. g3 c5 4. d5 exd5 5. cxd5 d6 6. Nc3 g6 7. Bg2 Bg7 8. Nf3
O-O 9. O-O Re8 10. Nd2 a6 11. a4 Nbd7 12. Nc4 Nb6 13. Na3 Bf5 14. f3 Bd7 15.
Bg5 h6 16. Bf4 Nh5 17. Bd2 Bd4+ 18. Kh1 Re5 19. g4 Bxc3 20. Bxc3 Rxd5 21. Qc1
Nxa4 22. e4 Nxc3 23. exd5 Ne2 24. Qd2 Qh4 25. gxh5 Ng3+ 26. Kg1 Nxf1 27. Rxf1
Qxh5 28. Re1 b5 29. Re7 Bf5 30. Qf4 Qg5 31. Qxg5 hxg5 32. Kf2 Kg7 33. Kg3 Kf6
34. Re1 c4 35. Nb1 Bxb1 36. Rxb1 a5 37. Bh3 Ra7 38. f4 a4 39. Kg4 gxf4 40. Kxf4
Re7 41. Bc8 Ra7 42. Rc1 g5+ 43. Ke4 Re7+ 44. Kf3 Re5 45. Bb7 g4+ 46. Kf2 Rh5
47. Kg2 Rh3 48. Rf1+ Kg6 49. Bc8 Rb3 50. Rf2 Kh5 51. Bf5 Kh4 52. Be4 b4 53. Bc2
Rxb2 54. Bxa4 Rxf2+ 55. Kxf2 b3 56. Ke3 g3 57. hxg3+ Kxg3 58. Kd4 b2 59. Bc2
Kf4 60. Bb1 f5 61. Bc2 c3 62. Bb1 Kg4 63. Kxc3 f4 64. Kxb2 f3 65. Kc3 Kf4 66.
Kd4 f2 67. Bd3 Kf3 68. Bf1 Kf4 69. Kc4 Ke4 70. Bh3 Ke5 71. Bg2 1-0